| 000 | 00452nam a2200181Ia 4500 | ||
|---|---|---|---|
| 001 | 20969 | ||
| 005 | 20260306172845.0 | ||
| 008 | 260306t2020||||xx |||||||||||||| ||spa|| | ||
| 041 | _aESP | ||
| 082 |
_a343.811 _bA49A |
||
| 100 |
_aÁlvarez Pedroza, Alejandro _eAUT |
||
| 245 | 0 | _aGuía de clasificadores presupuestarios 2020 | |
| 260 | _c2020 | ||
| 300 |
_a393 páginas : _c24 cm. |
||
| 650 | _aGEN | ||
| 654 | _aCCO | ||
| 942 |
_cLIB _dJUS _fJUS _2ddc _n |
||
| 999 |
_c20969 _d20969 |
||